Linia 4 Poznań - Statystyki

Ogólne statystyki
  • Ten quiz został rozwiązany 78 razy
  • Średni wynik to 19 z 29
Statystyki odpowiedzi
Przystanek % Poprawnych
Rondo Rataje
87%
Rondo Śródka
85%
Rondo Śródka
85%
Starołęka
83%
Połabska
81%
Kórnicka
77%
Kórnicka
77%
Most Teatralny
75%
Rondo Starołęka
75%
Rondo Starołęka
75%
Baraniaka
74%
Katedra
74%
Fredry
70%
Małe Garbary
70%
Poznańska
70%
Pl.Wielkopolski
64%
Rondo Solidarności
64%
Wielkopolska
62%
Murawa
60%
Armii Poznań
58%
Os.Pod Lipami
58%
Bystra
53%
Pasieka
53%
Stomil
53%
Żniwna
53%
Os.Piastowskie
51%
Pl.Ratajskiego
51%
Wioślarska
51%
Os.Rzeczypospolitej
49%
Nie znaleziono quizów pasujących do podanych kryteriów
Rozkład punktacji
Procent ludzi z każdym wynikiem
Percentyl według liczby udzielonych odpowiedzi
Twoja historia wyników
Nie rozwiązałeś tego quizu